[Event "26th Universiade Women"]
[Site "Shenzhen CHN"]
[Date "2011.08.15"]
[Round "2.8"]
[White "Cheremnova,T"]
[Black "Purtseladze,M"]
[Result "0-1"]
[WhiteElo "2213"]
[BlackElo "2364"]

1.d4 Nf6 2.c4 e6 3.Nf3 Bb4+ 4.Nbd2 b6 5.g3 Bb7 6.Bg2 c5 7.a3 Bxd2+ 8.Bxd2 O-O
9.dxc5 bxc5 10.O-O Nc6 11.Bg5 Qb6 12.Bxf6 gxf6 13.Qd2 Kg7 14.h4 Na5 15.Qf4 Rab8
16.b4 Nc6 17.b5 Ne7 18.h5 h6 19.e4 d6 20.Rfd1 Rbd8 21.Rd2 f5 22.Nh4 fxe4
23.Bxe4 Bxe4 24.Qxe4 d5 25.cxd5 Nxd5 26.Qe5+ Nf6 27.Rad1 Rxd2 28.Rxd2 Qxb5
29.Nf5+ exf5 30.Rd6 Qb1+ 31.Kh2 Qc2 32.Qxf6+ Kg8 33.Qxh6 Qxf2+ 34.Kh3 Qf1+
35.Kh4 Qc4+ 36.Kg5 Qg4+ 37.Kf6 Rb8 38.Qe3 Rf8 39.Qh6 Rb8 40.Qe3 Qxh5 41.Ke7 Rb7+
42.Kd8 Rb6 43.Qe8+ Kh7 44.Rxb6 axb6 45.Kc7 Qg6 46.Qe3 Qe6 47.Qg5 f6 48.Qh4+ Kg7
49.Qh2 c4 50.Qc2 b5 51.Kb7 Qe4+  0-1

[Event "10th Lichtenberger Sommer"]
[Site "Berlin GER"]
[Date "2011.08.18"]
[Round "6.36"]
[White "Krajewski,W"]
[Black "Junge,Wolfgang"]
[Result "1/2-1/2"]
[WhiteElo "2095"]
[BlackElo "1776"]

1.d4 Nf6 2.c4 e6 3.Nf3 Bb4+ 4.Nbd2 Ne4 5.g3 O-O 6.Bg2 d5 7.O-O Nxd2 8.Bxd2 Bxd2
9.Qxd2 Nd7 10.c5 c6 11.b4 Re8 12.Bh3 Nf8 13.a4 Ng6 14.Ne5 Nxe5 15.dxe5 f5
16.f4 b6 17.Rfc1 Ba6 18.Bf1 Bc4 19.e3 Bxf1 20.Kxf1 Qd7 21.Qd4 Rab8 22.Rab1 Rec8
23.Rb2 b5 24.a5 a6 25.Rg2 h5 26.h3 Kf7 27.Ke2 Rh8 28.Rcg1 Rbg8 29.g4 hxg4
30.hxg4 g6 31.Qa1 Qe7 32.Rh1 Rh4 33.gxf5 gxf5 34.Rxg8 Rxh1 35.Qxh1 Kxg8 36.Qh6 Qf7
37.Kd3 Qe7 38.Kd4 Qf7 39.Kc3 Qe7 40.Kd2 Qf7 41.Kd3 Qe7 42.Kd4 Qf7 43.Qf6 Kf8
44.Qd8+ Kg7 45.Kc3 Qg6 46.Qd7+ Kh8 47.Qxc6 Qh5 48.Qc8+ Kg7 49.Qd7+ Kh8 50.Qxe6 d4+  1/2-1/2

[Event "12th Miquel Mas Open"]
[Site "Figueres ESP"]
[Date "2011.08.18"]
[Round "9.3"]
[White "Alvarez Pedraza,A"]
[Black "Deleyn,G"]
[Result "1-0"]
[WhiteElo "2551"]
[BlackElo "2222"]

1.d4 Nf6 2.c4 e6 3.Nf3 Bb4+ 4.Nbd2 b6 5.g3 Bb7 6.Bg2 O-O 7.O-O d5 8.cxd5 exd5
9.Ne5 Nc6 10.Ndf3 Ne7 11.Bf4 Bd6 12.Rc1 c5 13.Qa4 Ne4 14.Rfd1 c4 15.Nd2 Nxd2
16.Bxd2 a6 17.Bb4 b5 18.Qa3 Bxb4 19.Qxb4 Nf5 20.Nxc4 dxc4 21.Bxb7 Rb8 22.Qc5 Nxg3
23.Bf3 Rc8 24.Qe5 Nxe2+ 25.Qxe2 Qg5+ 26.Bg2 Rfe8 27.Qf3 Re6 28.d5 Rg6 29.Re1 h6
30.Rcd1 Rd8 31.Rd4 Rdd6 32.h4 Qd8 33.h5 Rg5 34.Rde4 Qb6 35.Re8+ Kh7 36.Qxf7  1-0

[Event "26th Universiade Men"]
[Site "Shenzhen CHN"]
[Date "2011.08.19"]
[Round "7"]
[White "Akkozov,B"]
[Black "Vovk,Y"]
[Result "0-1"]
[WhiteElo "2347"]
[BlackElo "2564"]

1.d4 Nf6 2.c4 e6 3.Nf3 Bb4+ 4.Nbd2 O-O 5.a3 Be7 6.e3 d6 7.b4 c5 8.Bb2 b6
9.Bd3 Bb7 10.O-O Nbd7 11.Rc1 Rc8 12.Re1 Rc7 13.Qe2 Qa8 14.e4 cxd4 15.Bxd4 Ng4
16.Bb2 Nge5 17.Nd4 Nxd3 18.Qxd3 a6 19.N4b3 Rfc8 20.Qg3 e5 21.Qd3 a5 22.Nb1 axb4
23.axb4 Qa4 24.Ba3 b5 25.cxb5 Rxc1 26.Nxc1 Nb6 27.Na2 d5 28.exd5 Nxd5 29.f3 Nf4
30.Qd1 Qa7+ 31.Kf1 Bd5 32.Nac3 Bc4+ 33.Ne2 Nd3  0-1

[Event "26th Universiade Men"]
[Site "Shenzhen CHN"]
[Date "2011.08.19"]
[Round "8"]
[White "Olszewski,Mi"]
[Black "Paichadze,L"]
[Result "1/2-1/2"]
[WhiteElo "2541"]
[BlackElo "2489"]

1.d4 Nf6 2.c4 e6 3.Nf3 Bb4+ 4.Nbd2 O-O 5.a3 Bxd2+ 6.Qxd2 b6 7.e3 Bb7 8.Be2 d6
9.b4 Nbd7 10.Bb2 Ne4 11.Qc2 f5 12.d5 exd5 13.Nd4 Qh4 14.g3 Qe7 15.cxd5 Bxd5
16.f3 Qf7 17.Rf1 Ng5 18.e4 Nxf3+ 19.Bxf3 fxe4 20.Be2 Qg6 21.O-O-O Ne5 22.Nf5 Rxf5
23.Rxf5 Qxf5 24.Rxd5 Re8 25.Kb1 h5  1/2-1/2

[Event "20th Kaerntner Chess Summer"]
[Site "Feffernitz AUT"]
[Date "2011.08.21"]
[Round "1"]
[White "Malakhatko,V"]
[Black "Schindler,Gerh"]
[Result "1-0"]
[WhiteElo "2548"]
[BlackElo "1811"]

1.d4 Nf6 2.c4 e6 3.Nf3 Bb4+ 4.Nbd2 b6 5.a3 Bxd2+ 6.Qxd2 Bb7 7.e3 O-O 8.Be2 d6
9.b4 Qe7 10.Bb2 Nbd7 11.O-O Ne4 12.Qc2 f5 13.Rad1 a5 14.d5 axb4 15.axb4 Ndf6
16.Nd4 exd5 17.f3 Ng5 18.Nxf5 Qd7 19.cxd5 Nxd5 20.Nxg7 Rf7 21.Nh5 Nxe3 22.Qc3  1-0

[Event "23rd Porto San Giorgio Open"]
[Site "Porto San Giorgio ITA"]
[Date "2011.08.24"]
[Round "5"]
[White "Ciampi,V"]
[Black "Malloni,M"]
[Result "1/2-1/2"]
[WhiteElo "2101"]
[BlackElo "2293"]

1.d4 Nf6 2.c4 e6 3.Nf3 Bb4+ 4.Nbd2 b6 5.g3 Bb7 6.Bg2 O-O 7.O-O Be7 8.Qc2 d5
9.cxd5 exd5 10.Rd1 Nbd7 11.Ne5 c5 12.e3 Re8 13.Ndf3 Bd6 14.Nxd7 Qxd7 15.dxc5 bxc5
16.b3 Qe6 17.Bb2 Ne4 18.Re1 Rac8 19.Rad1 Qf5 20.Nh4 Qe6 21.Nf3 Bf8 22.Nd2 Nf6
23.Bxf6 Qxf6 24.e4 Qg6 25.Rc1 Rcd8 26.e5 Qb6 27.Nf3 h6 28.Rcd1 a5 29.Nh4 a4
30.Rb1 Bc6 31.Nf5 axb3 32.axb3 g6 33.Nh4 Bb7 34.Bh3 Bc8 35.Bf1 Bg7 36.f4 Be6
37.Qf2 Qc7 38.Bg2 Qd7 39.Nf3 Bf8 40.Kh1 Rb8 41.Nh4 Rb4 42.Rf1 Reb8 43.Qc2 c4
44.bxc4 Rxb1 45.Rxb1 Rxb1+ 46.Qxb1 dxc4 47.Be4 c3 48.Nf3 Kg7 49.Qd3 Qa4 50.h4 h5
51.Nd4 Qa1+ 52.Qb1 Qxb1+ 53.Bxb1 Bd5+ 54.Kh2 Bb4 55.Bc2 Kf8 56.Nb3 Ke7 57.Kg1 Ke6
58.Kf2 Bxb3 59.Bxb3+  1/2-1/2

[Event "Trade Fair Open A"]
[Site "Brno CZE"]
[Date "2011.08.25"]
[Round "6"]
[White "Dubina,P"]
[Black "Petruska,M"]
[Result "1-0"]
[WhiteElo "2161"]
[BlackElo "1974"]

1.d4 Nf6 2.Nf3 e6 3.c4 Bb4+ 4.Nbd2 O-O 5.a3 Be7 6.e4 d5 7.e5 Ne4 8.Qc2 Nxd2
9.Bxd2 dxc4 10.Bxc4 Bd7 11.Rc1 Bc6 12.Be3 Bxf3 13.gxf3 g6 14.h4 Kg7 15.h5 Bg5
16.f4 Be7 17.hxg6 hxg6 18.f5 exf5 19.Bh6+ Kg8 20.Bxf8 Bxf8 21.d5 c6 22.d6 Qe8
23.f4 Bxd6 24.Qh2 Bxe5 25.fxe5 Kf8 26.Qh8+ Ke7 27.Qf6+ Kd7 28.Rd1+  1-0

[Event "10th Sunny Beach Open"]
[Site "Sunny Beach BUL"]
[Date "2011.08.27"]
[Round "1.2"]
[White "Kanasirev,P"]
[Black "Georgiev,Vl"]
[Result "0-1"]
[WhiteElo "2115"]
[BlackElo "2559"]

1.d4 Nf6 2.c4 e6 3.Nf3 Bb4+ 4.Nbd2 b6 5.a3 Bxd2+ 6.Qxd2 Bb7 7.e3 O-O 8.Qc2 c5
9.b3 Bxf3 10.gxf3 cxd4 11.Bb2 Nc6 12.O-O-O d5 13.Kb1 Rc8 14.Bxd4 Nxd4 15.Rxd4 e5
16.Rd2 b5 17.Qb2 bxc4 18.Bxc4 Qa5 19.b4 Qb6 20.Bxd5 Nxd5 21.Rxd5 Qg6+ 22.e4 Qg2
23.Rc1 Qxf3 24.Rxe5 Rxc1+ 25.Kxc1 Qh1+ 26.Kd2 Qxh2 27.Qd4 Qf4+ 28.Ke2 h5
29.Rf5 Qh6 30.Qe3 Qh8 31.Kf1 g6 32.Ra5 h4 33.Kg2 Re8 34.Rxa7 Qh5 35.Qf3 Qg5+
36.Kh3 Rf8 37.Qg4 Qf6 38.Qxh4 Qf3+ 39.Qg3 Qh1+ 40.Kg4 Qxe4+ 41.Qf4 Qg2+ 42.Kh4 Kg7
43.Qd4+ Kh6 44.Ra6 Qh2+ 45.Kg4 f5+ 46.Kf3 Qh1+ 47.Ke2 Re8+ 48.Kd2 Kh5 49.Kc2 Qf3
50.Qd3 Qxf2+  0-1

[Event "TCh-SRB Premier Men"]
[Site "Valjevo SRB"]
[Date "2011.08.27"]
[Round "1.6"]
[White "Lajthajm,B"]
[Black "Ostojic,N1"]
[Result "1-0"]
[WhiteElo "2481"]
[BlackElo "2458"]

1.d4 Nf6 2.c4 e6 3.Nf3 Bb4+ 4.Nbd2 O-O 5.g3 d5 6.Qc2 b6 7.Bg2 Bb7 8.O-O Be7
9.b3 c5 10.cxd5 exd5 11.Bb2 Na6 12.Rac1 Re8 13.a3 Bf8 14.e3 Ne4 15.dxc5 Nxd2
16.Nxd2 bxc5 17.Rfd1 Qb6 18.Nf3 h6 19.Ne5 Qe6 20.Nd3 Bd6 21.Qc3 Qg6 22.b4 d4
23.exd4 cxb4 24.axb4 Bxg2 25.Kxg2 Rab8 26.Ba3 Nc7 27.Qc6 Nb5 28.Bb2 Re4 29.d5 Re2
30.Qc4 a6 31.Re1 Rbe8 32.Rxe2 Rxe2 33.Re1 Rd2 34.Re3 Qh5 35.Rf3 Rd1 36.Qc8+ Kh7
37.Qc2 Rxd3 38.Qxd3+ Kg8 39.Qe4 Bf8 40.Be5 Bxb4 41.g4 Qg5 42.Bf4 Qe7 43.Qxe7 Bxe7
44.Rd3 Kf8 45.d6 Bd8 46.Re3 g5 47.d7 Be7 48.Be5 f6 49.Bxf6 Bxf6 50.Re6 Be7
51.Rxa6 Nc7 52.Rxh6 Kg7 53.Rc6 Bd8 54.f4 gxf4 55.Kf3 Kf7 56.Kxf4 Ke7 57.Kf5 Kxd7
58.Rh6 Nb5 59.h4 Nd6+ 60.Kg6 Ke6 61.Kg7+ Ke7 62.h5 Ne8+ 63.Kg6 Nf6 64.g5 Ne4
65.Rh8 Bb6 66.h6 Be3 67.h7 Nxg5 68.Re8+ Kxe8 69.h8=Q+ Ke7 70.Qc3  1-0

[Event "10th Sunny Beach Open"]
[Site "Sunny Beach BUL"]
[Date "2011.08.31"]
[Round "5.40"]
[White "Dimitrov,M"]
[Black "Nguyen,Mi"]
[Result "0-1"]
[WhiteElo "2069"]
[BlackElo "2190"]

1.d4 Nf6 2.c4 e6 3.Nf3 Bb4+ 4.Nbd2 b6 5.a3 Bxd2+ 6.Bxd2 Bb7 7.Bf4 d6 8.e3 Nbd7
9.Be2 a5 10.b4 Qe7 11.O-O O-O 12.h3 e5 13.Bh2 Ne4 14.Qc2 Ng5 15.Nxg5 Qxg5
16.d5 f5 17.f4 exf4 18.Bxf4 Qf6 19.Rad1 Qe7 20.Kh1 Nf6 21.Bg5 g6 22.Bd3 Qe5
23.Bf4 Qe7 24.Bg5 Qe5 25.Bf4 Qe8 26.c5 Bxd5 27.cxd6 cxd6 28.Bxd6 Rf7 29.Bf4 axb4
30.Bc4 Qc6 31.Rxd5 Nxd5 32.Qb3 Rd8 33.Rd1 Rfd7 34.Bg5 b5 35.Bxd5+ Rxd5 36.Bxd8 Qc4
37.Qb1 bxa3 38.Rxd5 Qxd5 39.Be7 a2 40.Qb2 Qd1+  0-1

[Event "10th Sunny Beach Open"]
[Site "Sunny Beach BUL"]
[Date "2011.09.01"]
[Round "6.5"]
[White "Vasilev,M"]
[Black "Pantev,V"]
[Result "1-0"]
[WhiteElo "2481"]
[BlackElo "2377"]

1.d4 Nf6 2.c4 e6 3.Nf3 Bb4+ 4.Nbd2 b6 5.g3 Bb7 6.Bg2 O-O 7.O-O Re8 8.Qc2 Bxd2
9.Qxd2 d6 10.b3 Nbd7 11.Bb2 Be4 12.Rfd1 Qc8 13.Bf1 h6 14.Ne1 d5 15.Rac1 Qb7
16.Nd3 Rac8 17.Ne5 c6 18.f3 Bf5 19.e3 Red8 20.Ba3 Nxe5 21.dxe5 Ne8 22.c5 Nc7
23.g4 Bg6 24.h4 h5 25.Qg2 Nb5 26.Bxb5 cxb5 27.gxh5 Bxh5 28.c6 Rxc6 29.Rxc6 Qxc6
30.Qg5 Rc8 31.Qxh5 b4 32.Rc1 Qb7 33.Rxc8+ Qxc8 34.Bxb4 Qc1+ 35.Kf2 a5 36.Be1 Qc2+
37.Kg3 Qxa2 38.Qg5 Qxb3 39.h5 Kh7 40.h6 gxh6 41.Qf4 Kg7 42.Qf6+ Kf8 43.Qxh6+ Ke7
44.Kg4 Qc4+ 45.Kh5 Qd3 46.Qf6+ Ke8 47.Bh4 Qh7+ 48.Kg4 Qg8+ 49.Qg5 Qxg5+ 50.Kxg5 Ke7
51.Be1 a4 52.Bb4+ Kd7 53.Kf6 Kc6 54.Kxf7 Kb5 55.Bd6 Kc4  1-0

[Event "10th Sunny Beach Open"]
[Site "Sunny Beach BUL"]
[Date "2011.09.03"]
[Round "8.35"]
[White "Kolev,At2"]
[Black "Thorarinsson,P"]
[Result "1/2-1/2"]
[WhiteElo "2064"]
[BlackElo "2264"]

1.d4 Nf6 2.Nf3 e6 3.c4 Bb4+ 4.Nbd2 b6 5.g3 Bb7 6.Bg2 O-O 7.O-O c5 8.d5 exd5
9.Nh4 Bc6 10.cxd5 Bxd5 11.Bxd5 Nxd5 12.Ne4 Ne7 13.a3 Ba5 14.Bg5 f6 15.b4 d5
16.Bd2 dxe4 17.bxa5 Nbc6 18.Qc2 Qd5 19.Bc3 Qc4 20.Qb2 bxa5 21.Rfc1 Rab8 22.Qd2 Rfd8
23.Qe1 Qa6 24.e3 Rd5 25.Ng2 Ng6 26.Nf4 Nxf4 27.gxf4 c4 28.Qe2 Rd3 29.Qg4 Ne7
30.Kh1 Qc8 31.Qg2 Qe6 32.Bxa5 Rbb3 33.Rg1 Nf5 34.Bb4 c3 35.Rac1 g6 36.Qg4 a5
37.Bxa5 Rxa3 38.Bb4 Rb3 39.Ba5 Ng7 40.Qh4 Qf5 41.Ra1 c2 42.Bc7 Qh5 43.Qxh5 gxh5
44.Rac1 Rd2 45.Kg2 Kf7 46.Ba5 Rd5 47.Rxc2 Rxa5 48.Rc7+ Kf8 49.Kh3 Ne6 50.Rxh7 Nxf4+
51.Kh4 Rg5 52.Rxg5 fxg5+ 53.Kxg5 Nh3+ 54.Kf6 Rb6+ 55.Ke5 Rb5+ 56.Kf6 Kg8
57.Rg7+ Kh8 58.Rg2 Rb2  1/2-1/2

[Event "TCh-SRB Premier Women"]
[Site "Valjevo SRB"]
[Date "2011.09.04"]
[Round "9.6"]
[White "Moskovljevic,Mili"]
[Black "Zivkovic,Ves"]
[Result "1-0"]
[WhiteElo "1672"]
[BlackElo "2058"]

1.d4 Nf6 2.c4 e6 3.Nf3 Bb4+ 4.Nbd2 O-O 5.a3 Bxd2+ 6.Qxd2 b6 7.e3 Bb7 8.Be2 d6
9.b3 Ne4 10.Qc2 f5 11.O-O Nd7 12.Bb2 a5 13.Rac1 Qe8 14.Nd2 Qg6 15.f3 Qh6
16.Nxe4 Qxe3+ 17.Nf2 Rf6 18.Qd3 Qg5 19.Nh3 Qh4 20.Qd2 Rg6 21.Kh1 Rf8 22.Qf4 Qh5
23.b4 a4 24.c5 Nf6 25.c6 Nd5 26.Qd2 Bc8 27.f4 Qh4 28.Bf3 Nf6 29.Qf2 Qh6 30.Ng5 Ng4
31.Bxg4 fxg4 32.Qg3 Qh5 33.Rce1 h6 34.Ne4 Ba6 35.Rf2 Bc4 36.Nc3 Qf5 37.Re3 h5
38.Qh4 Bd5 39.b5 Bc4 40.Qe7 Rf7 41.Qd8+ Kh7 42.Qh4 Bd5 43.Kg1 Rgf6 44.h3 Rg6
45.Rg3 Kg8 46.hxg4 hxg4 47.Qd8+ Rf8 48.Qxc7 Rh6 49.Qxd6 Qh7 50.Kf1 Rh1+ 51.Ke2 Bc4+
52.Kd2 Qh4 53.f5 Qg5+ 54.Qf4 Qf6 55.Rxg4 exf5 56.Rg3 Rh4 57.Qe3 Rxd4+ 58.Kc2 Bb3+
59.Kb1 f4 60.Qe2 Qh6 61.Rh3 Qg6+ 62.Kc1 Re8 63.Qf1 Qg5 64.Rhf3 Qc5 65.Kb1 Red8
66.Rxf4 Rd1+ 67.Nxd1 Rxd1+ 68.Qxd1 Bxd1 69.Rf8+ Kh7 70.R8f5 Qc4 71.Re5 Qd3+
72.Ka1 Bb3 73.Re1 Qxb5 74.c7 Qc5 75.Rc1 Bc4 76.Rf7 Kg6 77.Rxg7+ Kf5 78.g4+ Ke6
79.g5 b5 80.g6 b4 81.axb4 Qc6 82.b5 Qc5 83.Rh7 a3 84.Re1+ Kd6 85.Be5+ Kd5
86.Rd7+ Ke6 87.Bd4+  1-0

[Event "Yuzhny Open"]
[Site "Yuzhny UKR"]
[Date "2011.09.04"]
[Round "3.31"]
[White "Lomakin,V"]
[Black "Romaniv,M"]
[Result "1/2-1/2"]
[WhiteElo "2112"]
[BlackElo "1944"]

1.d4 Nf6 2.c4 e6 3.Nf3 Bb4+ 4.Nbd2 O-O 5.a3 Be7 6.e4 d6 7.Qc2 c5 8.dxc5 dxc5
9.e5 Nfd7 10.Bd3 g6 11.Ne4 Nc6 12.Qc3 Qa5 13.Bd2 Qxc3 14.Bxc3 b6 15.Rd1 Rd8
16.Bc2 Ba6 17.Ba4 Rac8 18.b3 Bb7 19.Nd6 Bxd6 20.exd6 f6 21.O-O e5 22.Bxc6 Rxc6
23.Ne1 Re8 24.f4 e4 25.Rf2 Re6 26.Rfd2 Kf7 27.Nc2 Rc8 28.Ne3 f5 29.h3 h5
30.g3 Bc6 31.Kf2 b5 32.g4 fxg4 33.hxg4 bxc4 34.bxc4 hxg4 35.Rh1 Nf8 36.Re1 Rd8
37.Be5 g5 38.Nxg4 gxf4 39.Bxf4 Ng6 40.Bg3 Rf8 41.Ke3 Ke8 42.Rf2 Rf3+ 43.Rxf3 exf3+
44.Kf2 Rxe1 45.Kxe1 Kd7 46.Kf2 Ke6 47.Ke3 Nf8 48.Ne5 Bb7 49.Nxf3 Bxf3 50.Kxf3 Nd7
51.Ke4 Nb6 52.Kd3 Nc8 53.Ke4 Nxd6+ 54.Kd3 Nc8 55.a4 Nb6 56.a5 Nd7 57.Kc3 a6
58.Kd3 Nf6 59.Bh4 Nd7 60.Bg3  1/2-1/2

[Event "TCh-POL 1st League"]
[Site "Mrzezyno POL"]
[Date "2011.09.05"]
[Round "3"]
[White "Szczechowicz,B"]
[Black "Jakubowski,K"]
[Result "1/2-1/2"]
[WhiteElo "2279"]
[BlackElo "2491"]

1.d4 Nf6 2.c4 e6 3.Nf3 Bb4+ 4.Nbd2 b6 5.g3 Bb7 6.Bg2 c5 7.a3 Bxd2+ 8.Qxd2 cxd4
9.Qxd4 Nc6 10.Qd3 Ne5 11.Qc3 Nxf3+ 12.Bxf3 Bxf3 13.Qxf3 Rc8 14.b3 d5 15.Bf4 Qe7
16.cxd5 Nxd5 17.O-O Rc3 18.Qe4 Nxf4 19.Qxf4 O-O 20.b4 h6 21.Rfc1 Rfc8 22.Rxc3 Rxc3
23.Qb8+ Kh7 24.Qe5 Rc4 25.Rd1 Qb7 26.h4 Rc2 27.Qd4 Rxe2 28.Qd3+ Qe4 29.Qxe4+ Rxe4
30.Rd7 Kg6 31.Rxa7 Re2 32.Kg2 b5 33.Kf3 Ra2 34.Ke3 e5 35.Ra6+ f6 36.Kf3 h5
37.Ra7 f5 38.Ra6+ Kf7 39.Ke3 Rb2 40.Ra5 Ke6 41.Rxb5 Rb3+ 42.Ke2 Rxa3 43.Rb7 Ra2+
44.Ke3 Ra3+ 45.Ke2 Ra2+ 46.Ke3 Ra3+ 47.Ke2 Ra2+ 48.Ke3 Ra4  1/2-1/2

[Event "VII Ugra Governor's Cup"]
[Site "Khanty-Mansiysk RUS"]
[Date "2011.09.07"]
[Round "8"]
[White "Shinkevich,V"]
[Black "Chernyuk,Mikhail"]
[Result "1-0"]
[WhiteElo "2474"]
[BlackElo "2263"]

1.d4 e6 2.c4 Bb4+ 3.Nd2 Nf6 4.Nf3 O-O 5.a3 Bxd2+ 6.Qxd2 b6 7.g3 Bb7 8.Bg2 d6
9.O-O Nbd7 10.b4 Qe7 11.Bb2 Ne4 12.Qc2 f5 13.Rad1 Ng5 14.d5 Nxf3+ 15.exf3 e5
16.f4 exf4 17.Rde1 Qf7 18.Re6 fxg3 19.fxg3 Ne5 20.Bxe5 dxe5 21.Rxe5 g6 22.Qe2 Qf6
23.Qe3 Rf7 24.c5 Raf8 25.Rd1 g5 26.Re6 Qg7 27.Qe5 f4 28.gxf4 gxf4 29.Qxg7+ Rxg7
30.Kf2 Bc8 31.Re5 f3 32.Bf1 bxc5 33.bxc5 Rg4 34.d6 cxd6 35.cxd6 Rg7 36.Re7 Rd8
37.Rc1  1-0

[Event "TCh-POL 1st League"]
[Site "Mrzezyno POL"]
[Date "2011.09.08"]
[Round "6"]
[White "Wypych,D"]
[Black "Borgula,R"]
[Result "1/2-1/2"]
[WhiteElo "2097"]
[BlackElo "2314"]

1.d4 Nf6 2.c4 e6 3.Nf3 Bb4+ 4.Nbd2 O-O 5.g3 b6 6.Bg2 Bb7 7.O-O d5 8.Qc2 Be7
9.b3 dxc4 10.Nxc4 Be4 11.Qd2 Nbd7 12.Bb2 Qc8 13.Rac1 Qb7 14.Rfd1 Rac8 15.Qf4 Rfd8
16.h4 Nf8 17.g4 Ng6 18.Qg3 h5 19.g5 Nd5 20.e3 Nb4 21.Ra1 Bd6 22.Nxd6 cxd6
23.Rd2 Rd7 24.a3 Nc6 25.Ne1 Bxg2 26.Nxg2 Nce7 27.Re1 Nf5 28.Qh3 d5 29.f3 Rdc7
30.e4 Nd6 31.Qg3 Qc6 32.Rde2 Qd7 33.Nf4 Nxf4 34.Qxf4 Rc2 35.a4 dxe4 36.fxe4 e5
37.dxe5 Ne8 38.Qf3 Qe6 39.Kf1 R8c6 40.Rxc2 Rxc2 41.Re2 Rxe2 42.Kxe2 Nc7 43.Kd2 Qd7+
44.Kc2 Qc6+ 45.Kb1 Ne6 46.Qxh5 Qxe4+ 47.Ka2 g6 48.Qh6 Qe2 49.Kb1 Qd1+ 50.Ka2 Qe2
51.Kb1 Qf3 52.Ka2 a6 53.Ba3 Qb7 54.h5 Qg2+ 55.Bb2 Qxg5 56.Qxg5 Nxg5 57.hxg6 fxg6
58.Bd4 b5 59.axb5 axb5 60.Be3 Ne6 61.Kb2 Nc7 62.Kc2 Kf7 63.Kd3 Nd5 64.Bg5 Ke6
65.Kd4 Nb4 66.Kc5 Nd3+  1/2-1/2

[Event "TCh-POL 1st League"]
[Site "Mrzezyno POL"]
[Date "2011.09.09"]
[Round "7"]
[White "Czerwonski,A"]
[Black "Szczechowicz,B"]
[Result "1-0"]
[WhiteElo "2377"]
[BlackElo "2279"]

1.d4 Nf6 2.c4 e6 3.Nf3 Bb4+ 4.Nbd2 b6 5.a3 Bxd2+ 6.Qxd2 Bb7 7.e3 O-O 8.Bd3 d6
9.O-O Nbd7 10.Qc2 c5 11.b3 Rc8 12.Bb2 Qe7 13.Rad1 Rfd8 14.e4 cxd4 15.Nxd4 Nc5
16.Rfe1 Nh5 17.Bf1 Nf4 18.g3 Ng6 19.Bg2 a6 20.Qe2 e5 21.Nf5 Qc7 22.b4 Ne6
23.Rd2 Ne7 24.Ne3 Bc6 25.Nd5 Qb7 26.f4 f6 27.Bh3 Nf8 28.Bxc8 Nxc8 29.fxe5 fxe5
30.Qg4 Kh8 31.Rf1 Bd7 32.Qg5 Re8 33.Rf7 Ne6 34.Rdf2 Qc6 35.Qxg7+  1-0

[Event "2nd Zlatni Rat Open"]
[Site "Bol CRO"]
[Date "2011.09.11"]
[Round "2.17"]
[White "Schmitz,Man"]
[Black "Berke,A"]
[Result "0-1"]
[WhiteElo "2045"]
[BlackElo "2190"]

1.d4 Nf6 2.Nf3 e6 3.c4 Bb4+ 4.Nbd2 O-O 5.e3 d5 6.Bd3 c5 7.O-O Nc6 8.a3 Bxd2
9.Qxd2 b6 10.cxd5 exd5 11.b3 Bg4 12.Bb2 Ne4 13.Qc2 Re8 14.dxc5 bxc5 15.Bxe4 dxe4
16.Nd2 Qd5 17.Nc4 Rad8 18.Kh1 Qd3 19.Qc1 Qxb3 20.f3 exf3 21.gxf3 Be6 22.Rg1 g6
23.Nd2 Qxe3 24.Rg2 Bh3 25.Rg3 Qxd2 26.Rxh3 Re2 27.Bc3 Qe3 28.Rg3 Nd4 29.Rb1 Nxf3  0-1

[Event "10th Istanbul Open A"]
[Site "Istanbul TUR"]
[Date "2011.09.12"]
[Round "2"]
[White "Bagaturov,G"]
[Black "Berkun,D"]
[Result "1-0"]
[WhiteElo "2468"]
[BlackElo "2045"]

1.d4 Nf6 2.Nf3 e6 3.c4 Bb4+ 4.Nbd2 O-O 5.a3 Bxd2+ 6.Qxd2 d6 7.g3 b6 8.Bg2 Bb7
9.O-O Nbd7 10.b3 Qe7 11.Bb2 e5 12.d5 Rfe8 13.Nh4 Nc5 14.Qc2 b5 15.Nf5 Qd8
16.f4 e4 17.Ne3 a5 18.g4 b4 19.axb4 axb4 20.Rxa8 Bxa8 21.g5 Nh5 22.Bh3 h6
23.Bg4 hxg5 24.Bxh5 gxf4 25.Bxf7+ Kxf7 26.Rxf4+ Ke7 27.Rxe4+ Kd7 28.Rxe8 Qg5+
29.Ng2 Kxe8 30.Bd4 Nd7 31.Qe4+ Kd8 32.Qe6 c6 33.Qg8+  1-0

[Event "ch-Euro Youth b14"]
[Site "Albena BUL"]
[Date "2011.09.14"]
[Round "4.16"]
[White "Dereshki,D"]
[Black "Vasilyev,V"]
[Result "0-1"]
[WhiteElo "1914"]
[BlackElo "2107"]

1.d4 Nf6 2.c4 e6 3.Nf3 Bb4+ 4.Nbd2 c5 5.e3 O-O 6.Bd3 Nc6 7.a3 Bxd2+ 8.Bxd2 b6
9.b4 d5 10.cxd5 Qxd5 11.Qc2 cxd4 12.e4 Qd7 13.e5 Nd5 14.Bxh7+ Kh8 15.Qe4 Qe7
16.b5 f5 17.exf6 Nxf6 18.Qh4 Nxh7 19.Ng5 g6 20.bxc6 Kg8 21.Qh6 Qg7 22.Qxg7+ Kxg7
23.Nxh7 Kxh7 24.Bb4 Rd8 25.Be7 Rd5 26.c7 Bb7 27.f3 Re8 28.Bd8 Rb5 29.Rc1 Bc8
30.Kd2 Rb3 31.a4 Rb4 32.Kd3 e5 33.Rc4 Bf5+ 34.Kd2 Rxc4  0-1

[Event "ch-Euro Youth g18"]
[Site "Albena BUL"]
[Date "2011.09.17"]
[Round "6.20"]
[White "Arig,B"]
[Black "Kolaric,S"]
[Result "1/2-1/2"]
[WhiteElo "1810"]
[BlackElo "2102"]

1.d4 Nf6 2.Nf3 e6 3.c4 Bb4+ 4.Nbd2 O-O 5.a3 Be7 6.g3 b6 7.Bg2 Bb7 8.O-O d6
9.b4 Nbd7 10.Bb2 Re8 11.Qc2 Bf8 12.Rac1 e5 13.d5 g6 14.e4 Bh6 15.Rb1 Qe7
16.Rfe1 Reb8 17.Nb3 Bf8 18.Qc3 Nh5 19.a4 a5 20.bxa5 Nc5 21.Nxc5 bxc5 22.Bc1 Ba6
23.Bd2 Nf6 24.Qc2 Qe8 25.Bf1 Bc8 26.Bc3 Bd7 27.Rxb8 Rxb8 28.Rb1 Rxb1 29.Qxb1 Qa8
30.Qc2 Bh6 31.Be2 Qb7 32.Nd2 Bxd2 33.Bxd2 Bh3 34.f3 Bc8 35.Bd1 Nd7 36.Qd3 Nb8
37.f4 Nd7 38.f5 c6 39.fxg6 hxg6 40.dxc6 Qxc6 41.Bg5 f6 42.Bd2 Nf8 43.g4 Be6
44.h4 Nh7 45.Qb1 Qc8 46.g5 fxg5 47.hxg5 Bxc4 48.Qb6 Qh3 49.Qb1 Qf1+ 50.Kh2 Qf2+
51.Kh1 Qxd2 52.Bb3 Qd4 53.a6 Bxb3 54.Qxb3+ c4 55.Qb8+ Nf8 56.a7 Qxe4+ 57.Kh2 Qf4+
58.Kh1 Qh4+ 59.Kg1  1/2-1/2

[Event "TCh-FIN SM-Liiga 2011-12"]
[Site "Helsinki FIN"]
[Date "2011.09.17"]
[Round "1.5"]
[White "Kanko,I"]
[Black "Saren,I"]
[Result "1-0"]
[WhiteElo "2231"]
[BlackElo "2184"]

1.d4 Nf6 2.c4 e6 3.Nf3 Bb4+ 4.Nbd2 b6 5.e3 Bb7 6.Bd3 Ne4 7.O-O f5 8.a3 Bxd2
9.Nxd2 Nxd2 10.Bxd2 O-O 11.Qc2 Nc6 12.Bc3 Ne7 13.e4 fxe4 14.Bxe4 Bxe4 15.Qxe4 Ng6
16.f4 Rf7 17.Rae1 c6 18.d5 exd5 19.cxd5 Qc7 20.f5 Nf8 21.f6 cxd5 22.Qxd5 Qc5+
23.Qxc5 bxc5 24.fxg7 Rxf1+ 25.Kxf1 Ne6 26.Rd1 Nd4 27.Bxd4 cxd4 28.Rxd4 Rd8
29.Ra4 Ra8 30.Rg4 a5 31.b3 Rc8 32.Rg3 Rc2 33.Ke1 Ra2 34.a4 Rb2 35.h4 h6 36.Kd1 Rf2
37.Kc1 Rf4 38.Rd3 Rxh4 39.Rxd7 Rg4 40.Rd5 Rxg2 41.Rxa5 Kxg7 42.Rb5 Kg6 43.a5 Rf2
44.a6 Rf8 45.b4 h5 46.Rd5  1-0

[Event "ch-Euro Youth b16"]
[Site "Albena BUL"]
[Date "2011.09.18"]
[Round "7.20"]
[White "Meng,R"]
[Black "Studer,N"]
[Result "1-0"]
[WhiteElo "2289"]
[BlackElo "2127"]

1.d4 e6 2.Nf3 Nf6 3.c4 Bb4+ 4.Nbd2 b6 5.a3 Bxd2+ 6.Qxd2 Bb7 7.g3 a5 8.b3 d6
9.Bg2 O-O 10.O-O Nbd7 11.Bb2 Qe7 12.b4 Rfe8 13.Qc2 h6 14.Rfe1 Be4 15.Qc3 e5
16.Rad1 c5 17.bxc5 bxc5 18.dxe5 dxe5 19.Bh3 Rab8 20.Ba1 a4 21.Qa5 Rb7 22.Qxa4 Reb8
23.Qa5 Bc6 24.Nh4 Ne4 25.Bg2 Ndf6 26.Nf5 Qe8 27.Rf1 Ra8 28.Qe1 Qe6 29.Nd6 Rb3
30.Nxe4 Nxe4 31.Rd3 Raxa3 32.Rxb3 Rxb3 33.Qa5 Qxc4 34.Qc7 Qe6 35.Bxe5 Rb7
36.Qd8+ Kh7 37.Ba1 Ng5 38.Qd3+ Kg8 39.Qc3 f6 40.Bxc6 Qxc6 41.h4 Ne6 42.Qc2 Rb4
43.e3 Qe4 44.Qa2 Ra4 45.Qd2 Rb4 46.Kh2 Qf5 47.Bc3 Rb8 48.Qa2 Kh7 49.Rc1 Rd8
50.e4 Qf3 51.Qxe6 Qxf2+ 52.Kh3 Qe3 53.Qf5+ Kg8 54.Qf4 Qd3 55.e5 f5 56.e6 Re8
57.Qc7  1-0

[Event "e2e4 Sunningdale Autumn"]
[Site "Sunningdale ENG"]
[Date "2011.09.18"]
[Round "4"]
[White "Dixit,Kumar"]
[Black "Shepherd,David"]
[Result "1/2-1/2"]
[WhiteElo "1810"]
[BlackElo "1996"]

1.d4 Nf6 2.Nf3 e6 3.c4 Bb4+ 4.Nbd2 Ne4 5.a3 Nxd2 6.Nxd2 Be7 7.e4 d5 8.Be2 dxe4
9.Nxe4 O-O 10.O-O Nc6 11.d5 exd5 12.cxd5 Ne5 13.f4 Nd7 14.Be3 Nf6 15.Nc3 Re8
16.Bf2 Bd6 17.Qd2 a6 18.Bd3 Kh8  1/2-1/2

[Event "Vasteras Open"]
[Site "Vasteras SWE"]
[Date "2011.09.24"]
[Round "6"]
[White "Akesson,R"]
[Black "Miezis,N"]
[Result "0-1"]
[WhiteElo "2421"]
[BlackElo "2534"]

1.d4 Nf6 2.c4 e6 3.Nf3 Bb4+ 4.Nbd2 d5 5.Qa4+ Nc6 6.a3 Be7 7.e3 O-O 8.Qc2 Re8
9.b4 dxc4 10.Bxc4 Bd6 11.Bb2 a6 12.Rd1 Qe7 13.Ne5 Nb8 14.Nb3 b6 15.O-O Bb7
16.Bd3 g6 17.e4 Nh5 18.f4 f6 19.Be2 Qg7 20.Bxh5 gxh5 21.Rf3 h4 22.Nc4 Bf8
23.d5 exd5 24.exd5 Nd7 25.Ne3 Bd6 26.Qf5 Rad8 27.Nd4 Qg6 28.Qh3 Re4 29.Qxh4 Kh8
30.Ne6 Rg8 31.Rg3 Qf7 32.Rxg8+ Kxg8 33.Nf5 Qg6 34.Nxd6 Re2 35.Qh3 Bxd5 36.Nxc7 Rxg2+
37.Kf1 Qc2  0-1

[Event "Arab Elite Championship 2011"]
[Site "Dubai UAE"]
[Date "2011.09.26"]
[Round "2"]
[White "Khader,Sam"]
[Black "Adly,A"]
[Result "1/2-1/2"]
[WhiteElo "2416"]
[BlackElo "2605"]

1.d4 Nf6 2.c4 e6 3.Nf3 Bb4+ 4.Nbd2 d5 5.a3 Be7 6.g3 O-O 7.Bg2 b6 8.O-O Bb7
9.cxd5 Bxd5 10.Qc2 c5 11.e4 Bb7 12.e5 Nd5 13.dxc5 Bxc5 14.Ne4 Be7 15.Bg5 Nd7
16.Bxe7 Qxe7 17.Neg5 f5 18.exf6 gxf6 19.Ne4 Rac8 20.Qe2 Kh8 21.Rfe1 Rg8 22.Qd2 Nf8
23.Nh4 Rg4 24.h3 Rxh4 25.gxh4 Ng6 26.Ng3 Ndf4 27.Bxb7 Qxb7 28.Re4 e5 29.Qd6 Qf7
30.Kh2 Nxh4 31.Rxf4 exf4 32.Qxf4 Ng6 33.Qe4 Re8 34.Qf5 Re5 35.Qc8+ Qg8 36.Rc1 Ne7
37.Qd7 Qd5 38.Qxd5 Nxd5 39.Rd1 Kg7 40.Rd4 Ne7 41.Rd7 Kg6 42.Rxa7 f5 43.f4 Re6
44.Rd7 Kf6 45.Kg2 Rc6 46.Kf3 Ke6 47.Rd2 Rc4 48.Re2+ Kf6 49.Nh5+ Kf7 50.Re5 Rd4
51.Ng3 Rd3+ 52.Re3 Rd2 53.Rb3 Rd6 54.Rb5 Kf6 55.Re5 Rd3+ 56.Re3 Rd2 57.Re2 Rd3+
58.Re3 Rd2 59.Re2 Rd1 60.Re5 Rd3+  1/2-1/2